Digital signal processors: e-course

Dades bibliogràfiques
Autor principal: Torgaev S. N. Stanislav Nikolaevich
Autor corporatiu: Национальный исследовательский Томский политехнический университет (ТПУ) Институт неразрушающего контроля (ИНК) Кафедра промышленной и медицинской электроники (ПМЭ)
Sumari:Title screen
Today the majority of signals processing is performed in digital form. This processing is carried out in so-called digital processing systems. This course is aimed to the development of principles of the construction of digital analog signal processing systems. The main emphasis is on the design of digital filters and their implementation using digital microprocessors.
Доступ по логину и паролю
Idioma:anglès
Publicat: Томск, TPU Moodle, 2016
Matèries:
Accés en línia:https://design.lms.tpu.ru/course/view.php?id=1262
Format: MixedMaterials Electrònic Llibre
KOHA link:https://koha.lib.tpu.ru/cgi-bin/koha/opac-detail.pl?biblionumber=652055

MARC

LEADER 00000nlm0a2200000 4500
001 652055
005 20240124111822.0
035 |a (RuTPU)RU\TPU\network\17318 
035 |a RU\TPU\network\17284 
090 |a 652055 
100 |a 20161130d2016 m y0engy50 ba 
101 0 |a eng 
102 |a RU 
105 |a a j 000zy 
135 |a jrcn ---uucaa 
181 0 |a i  
182 0 |a b 
200 1 |a Digital signal processors  |e e-course  |f S. N. Torgaev 
203 |a Text  |c electronic 
210 |a Томск  |c TPU Moodle  |d 2016 
300 |a Title screen 
330 |a Today the majority of signals processing is performed in digital form. This processing is carried out in so-called digital processing systems. This course is aimed to the development of principles of the construction of digital analog signal processing systems. The main emphasis is on the design of digital filters and their implementation using digital microprocessors. 
333 |a Доступ по логину и паролю 
606 1 |a Микроконтроллеры  |2 stltpush  |3 (RuTPU)RU\TPU\subj\43676  |9 63140 
610 1 |a электронный ресурс 
610 1 |a труды учёных ТПУ 
610 1 |a электронное обучение 
610 1 |a электронные курсы ТПУ 
610 1 |a digital signal processors 
610 1 |a цифровые фильтры 
610 1 |a программно-аппаратные комплексы 
610 1 |a цифровая обработка 
610 1 |a сигналы 
610 1 |a электронные учебные пособия 
610 1 |a учебные пособия 
675 |a 004.31(075.8)  |v 4 
700 1 |a Torgaev  |b S. N.  |c specialist in the field of electronics  |c associate Professor of Tomsk Polytechnic University, candidate of physico-mathematical Sciences  |f 1984-  |g Stanislav Nikolaevich  |3 (RuTPU)RU\TPU\pers\31663  |9 15800 
712 0 2 |a Национальный исследовательский Томский политехнический университет (ТПУ)  |b Институт неразрушающего контроля (ИНК)  |b Кафедра промышленной и медицинской электроники (ПМЭ)  |3 (RuTPU)RU\TPU\col\18719 
801 2 |a RU  |b 63413507  |c 20220128  |g RCR 
856 4 |u https://design.lms.tpu.ru/course/view.php?id=1262 
942 |c CF